| 000 | 00846nam a2200229 a 4500 | ||
|---|---|---|---|
| 001 | 39130 | ||
| 003 | BD-RjUL | ||
| 005 | 20240208120906.0 | ||
| 008 | 160405t2001 bg ||||e |||| 00| 0 b d | ||
| 020 |
_a9845601448 _cTk. 50.00 |
||
| 035 | _a(BD-RjUL)39242 | ||
| 040 |
_aBD-RjUL _beng _cBD-RjUL |
||
| 041 | _aben | ||
| 082 |
_223 _a327.16 _bIQA 2001 |
||
| 100 |
_aইকবাল, কাজী জাহেদ . _9120742 |
||
| 245 | 1 | 0 |
_aআন্তর্জাতিক রাজনীতি : সমস্যা ও সংকট / _cকাজী জাহেদ ইকবাল . |
| 260 |
_aঢাকা : _bজাতীয় গ্রন্থ প্রকাশন ; _c২০০১ . |
||
| 300 |
_a৬৪ পৃ. : _c২২ সেমি. |
||
| 504 | _aগ্রন্থপঞ্জি ; | ||
| 650 |
_apolitics _9120743 |
||
| 942 |
_2ddc _cBK |
||
| 999 |
_c39130 _d39130 |
||